Responses for Show #7141 - Monday, October 5, 2015

Matt Jackson game 7.

Contestants

[<< previous game]

Amanda Brock, a biologist from Champaign, Illinois

Ben Rudd, a client service specialist from Minneola, Florida

Matt Jackson, a paralegal from Washington, D.C. (whose 6-day cash winnings total $166,401)

[next game >>]

Jeopardy! Round responses

WHERE AM I?
(Alex: You have to locate our Clue Crew.)
A BLANK EXPRESSION
NAME THAT BASEBALL STAT, STAT!
MEDICAL AKAs
COLOR MY WORLD
STILL ALICE IN WONDERLAND
    $200 12
Antarctica

Matt
    $200 17
gained

Matt
    $200 6
home runs

Ben
    $200 24
whooping cough

Ben
    $200 22
a red herring

Matt
    $200 26
(Alex: With less than a minute to go now.)

the Cheshire Cat

Amanda
    $400 13
Saigon

Matt
    $400 18
wife

Ben
    $400 7
(Amanda: What are hits?)

stolen bases

BenAmanda
    $400 25
rubella

Amanda
    $400 23
carbon dioxide

Matt
    $400 27
the March Hare

Matt
    $600 14
the Alps

Matt
    $600 19
a silk purse

Amanda
    $600 8
(Amanda: What are wins?)

losses

BenAmanda
    $600 1
shingles

Amanda
    $600 2
Orange Crush

Amanda
    $600 28
the Queen of Hearts' tarts

Amanda
    $800 15
Lima

Matt
    $800 20
a tempest

Matt
    $800 9
consecutive games played

Matt
    $800 5
rabies

Ben
    $800 3
a white elephant

Triple Stumper
    $800 30
Punch

Matt
    $1000 16
[Applause for Matt's run of the category]
(Alex: All right. You ran the category, so keep it going.)

Soweto

Matt
    $1000 21
[Alex reads the last part of the clue as "his razor".]

Occam

Ben
    $1000 10
strikeouts

Matt
    $2,800 11
lockjaw

Matt
    $1000 4
blue bloods

Matt
    $1000 29
the Mock Turtle

Ben

Scores at the first commercial break (after clue 15):

Matt Ben Amanda
$7,600 $2,000 $200

Scores at the end of the Jeopardy! Round:

Matt Ben Amanda
$11,400 $4,600 $2,000

Double Jeopardy! Round responses

DON'T DRINK THE WATER
WOMEN ARTISTS
MAGAZINES
NEWS OF THE 21st CENTURY
HOME MOVIES
"HOW" GOES IT
    $400 22
the Thames

Matt
    $400 30
Yoko Ono

Amanda
    $400 27
TV Guide

Triple Stumper
    $400 24
Scott Walker

Amanda
    $400 28
Home Alone

Amanda
    $400 13
know-how

Matt
    $800 23
the Ganges

Ben
    $800 29
Grandma Moses

Ben
    $800 12
Sports Illustrated

Ben
    $800 11
BP

Matt
    $800 5
Star Trek

Amanda
    $800 14
a howitzer

Amanda
    $1200 19
a (gold) mine

Matt
    $6,000 18
(Matt: What is Still Alice?)

Big Eyes

Matt
    $1200 6
(Amanda: Uh, what is Ms.?)

Playgirl

Amanda
Triple Stumper
    $1200 4
(Angela) Merkel

Ben
    $1200 1
Sweet Home Alabama

Amanda
    $1200 15
an Eisenhower jacket

Amanda
    $1600 20
Lake Okeechobee

Matt
    $1600 25
Spanish Harlem

Matt
    $1600 7
The New Yorker

Matt
    $1600 9
Yale

Matt
    $1600 2
Road House

Amanda
    $1600 16
a howler

Matt
    $4,000 21
the Cuyahoga

Matt
    $2000 26
Frida Kahlo

Ben
    $2000 8
The Economist

Matt
    $2000 10
Tahrir Square

Matt
    $2000 3
(Alex: Way before your time.)

Mr. Blandings

Triple Stumper
    $2000 17
"How High The Moon"

Triple Stumper

Scores at the end of the Double Jeopardy! Round:

Matt Ben Amanda
$24,200 $10,200 $7,600
(lock game)

[wagering suggestions for these scores]

Final Jeopardy! Round responses

WORD HISTORY
AmandaWhat is redeem?
$2,000
BenWhat is Repent
$5,100
MattWhat is redemption
$0
redeem (or redemption)

Final scores:

Matt Ben Amanda
$24,200 $5,100 $9,600
7-day champion: $190,601 3rd place: $1,000 2nd place: $2,000

Game dynamics:

Coryat scores:

Matt Ben Amanda
$26,400 $10,200 $7,600
27 R
(including 2 DDs),
1 W
(including 1 DD)
13 R,
0 W
14 R,
3 W

Combined Coryat: $44,200

[game clues] [game scores] [suggest correction]

Game tape date: 2015-09-02
The J! Archive is created by fans, for fans. Scraping, republication, monetization, and malicious use prohibited; this site may use cookies and collect identifying information. See terms. The Jeopardy! game show and all elements thereof, including but not limited to copyright and trademark thereto, are the property of Jeopardy Productions, Inc. and are protected under law. This website is not affiliated with, sponsored by, or operated by Jeopardy Productions, Inc. Join the discussion at JBoard.tv.